[Event "Foment Martinenc op-B 18th"]
[Site "Barcelona"]
[Date "2016.05.28"]
[Round "6"]
[White "Fernandez Garcia, Jesus"]
[Black "Segui Pascual, Jordi"]
[Result "1-0"]
[WhiteElo "1660"]
[BlackElo "1742"]
[PlyCount "115"]
[EventDate "2016.04.23"]
[EventType "swiss"]
[EventRounds "9"]
[EventCountry "ESP"]
[SourceTitle "EXT 2017"]
[Source "ChessBase"]
[SourceDate "2016.10.25"]
[SourceVersion "1"]
[SourceVersionDate "2016.10.25"]
[SourceQuality "1"]

1. e4 b6 2. Bc4 Bb7 3. d3 e6 4. Nc3 Bb4 5. Bd2 Nf6 6. Nf3 0-0 7. 0-0 d5 8. exd5 Bxc3 9. Bxc3 Nxd5 10. Be5 Nd7 11. Bg3 Qf6 12. c3 c5 13. Qd2 a6 14. Rae1 Rfe8 15. Re4 Ne7 16. Rf4 Qh6 17. Qe2 Nf5 18. Ne5 Nf6 19. Ng4 Nxg4 20. Rxg4 Bd5 21. Bf4 Qh5 22. Re1 f6 23. Qd1 Bxc4 24. dxc4 Rad8 25. Qf3 e5 26. Bc1 Kf8 27. h3 Nd6 28. Qc6 Nc8 29. b3 Qf7 30. Qf3 Rd6 31. Qf5 h6 32. Qh7 Ne7 33. Rxg7 Qxg7 34. Bxh6 Qxh6 35. Qxh6+ Kf7 36. Re4 Ke6 37. f4 Nf5 38. Rxe5+ Kd7 39. Rxf5 Ree6 40. Rd5 Kc6 41. Rxd6+ Rxd6 42. Qf8 b5 43. Qc8+ Kb6 44. Qb8+ Kc6 45. cxb5+ axb5 46. Qa8+ Kb6 47. c4 bxc4 48. bxc4 f5 49. Qb8+ Kc6 50. Qb5+ Kc7 51. Qxc5+ Rc6 52. Qxf5 Kb6 53. Qb5+ Kc7 54. a4 Rb6 55. Qe5+ Kb7 56. a5 Rb1+ 57. Kh2 Ka6 58. f5 1-0

[Event "Foment Martinenc op-B 18th"]
[Site "Barcelona"]
[Date "2016.05.21"]
[Round "5"]
[White "Segui Pascual, Jordi"]
[Black "Rodriguez Batuecas, Jordi"]
[Result "0-1"]
[WhiteElo "1742"]
[BlackElo "1562"]
[PlyCount "68"]
[EventDate "2016.04.23"]
[EventType "swiss"]
[EventRounds "9"]
[EventCountry "ESP"]
[SourceTitle "EXT 2017"]
[Source "ChessBase"]
[SourceDate "2016.10.25"]
[SourceVersion "1"]
[SourceVersionDate "2016.10.25"]
[SourceQuality "1"]

1. b3 Nf6 2. Bb2 g6 3. e3 Bg7 4. c4 d6 5. f4 Bf5 6. Nf3 0-0 7. Be2 Nc6 8. d3 Ng4 9. Bxg7 Kxg7 10. Qd2 e5 11. e4 Bd7 12. 0-0 Qf6 13. f5 gxf5 14. exf5 Kh8 15. Nc3 Qg7 16. Ng5 Rg8 17. Nce4 Nf6 18. Bf3 Bxf5 19. Bh5 Nxh5 20. Rxf5 f6 21. Raf1 Nd4 22. Ne6 Nxe6 23. Rxh5 Nf4 24. Ng3 Nxh5 25. Nxh5 Qg5 26. Qe2 Rg6 27. Ng3 Rag8 28. Rf5 Qh4 29. Rh5 Qd4+ 30. Kf1 Rg5 31. Nf5 Qf4+ 32. Ke1 Rxf5 33. Rh3 Qc1+ 34. Qd1 Rf1+ 0-1

[Event "Foment Martinenc op-B 18th"]
[Site "Barcelona"]
[Date "2016.05.07"]
[Round "3"]
[White "Segui Pascual, Jordi"]
[Black "Moreno Villalba, Antonio"]
[Result "1-0"]
[WhiteElo "1742"]
[BlackElo "1507"]
[PlyCount "55"]
[EventDate "2016.04.23"]
[EventType "swiss"]
[EventRounds "9"]
[EventCountry "ESP"]
[SourceTitle "EXT 2017"]
[Source "ChessBase"]
[SourceDate "2016.10.25"]
[SourceVersion "1"]
[SourceVersionDate "2016.10.25"]
[SourceQuality "1"]

1. d4 d5 2. e3 c5 3. c3 Nf6 4. Bd3 Nc6 5. f4 cxd4 6. exd4 g6 7. Nf3 Bg7 8. 0-0 0-0 9. Be3 Ne4 10. Nbd2 f5 11. a3 a6 12. Ne5 Qb6 13. Qc2 e6 14. c4 Nxd4 15. Qd1 Qxb2 16. Nxe4 fxe4 17. Rf2 Qc3 18. Rc1 Qxa3 19. Bxd4 Bxe5 20. Bxe5 Qxd3 21. Rd2 Qe3+ 22. Kh1 Bd7 23. cxd5 exd5 24. Rc7 Rf7 25. Rxd5 Rc8 26. Rxc8+ Bxc8 27. Rd8+ Rf8 28. Qd5+ 1-0

[Event "Foment Martinenc op-B 18th"]
[Site "Barcelona"]
[Date "2016.04.23"]
[Round "1"]
[White "Castillo Garrido, Alex"]
[Black "Segui Pascual, Jordi"]
[Result "1-0"]
[WhiteElo "1472"]
[BlackElo "1742"]
[PlyCount "47"]
[EventDate "2016.04.23"]
[EventType "swiss"]
[EventRounds "9"]
[EventCountry "ESP"]
[SourceTitle "EXT 2017"]
[Source "ChessBase"]
[SourceDate "2016.10.25"]
[SourceVersion "1"]
[SourceVersionDate "2016.10.25"]
[SourceQuality "1"]

1. c4 b6 2. Nc3 Bb7 3. e4 e6 4. Qe2 c5 5. d3 Nc6 6. Nf3 d6 7. g3 Nge7 8. Bg2 Ng6 9. 0-0 Be7 10. a3 0-0 11. Rb1 Nge5 12. Nxe5 dxe5 13. Be3 Qd7 14. Qd2 Rfd8 15. Rbd1 Qc7 16. f4 Na5 17. f5 Nxc4 18. Qe1 Nxb2 19. fxe6 fxe6 20. Qf2 Nxd1 21. Qf7+ Kh8 22. Rxd1 Bc8 23. Bg5 Re8 24. Qxe8+ 1-0